Central Library OPAC University of Rajshahi

Optics / (Record no. 8639)

MARC details
000 -LEADER
fixed length control field 00758nam a2200253 a 4500
001 - CONTROL NUMBER
control field 8639
003 - CONTROL NUMBER IDENTIFIER
rucl marc code BD-RjUL
005 - DATE AND TIME OF LATEST TRANSACTION
control field 20211208234626.0
008 - FIXED-LENGTH DATA ELEMENTS--GENERAL INFORMATION
fixed length control field 161227s1958 mau 001 0 eng d
035 ## - SYSTEM CONTROL NUMBER
System control number (BD-RjUL)8684
040 ## - CATALOGING SOURCE
Original cataloging agency BD-RjUL
Language of cataloging eng
Transcribing agency BD-RjUL
041 ## - LANGUAGE CODE
Language code of text/sound track or separate title eng
082 ## - DEWEY DECIMAL CLASSIFICATION NUMBER
Edition number 20
Classification number 535
Author mark and year SEO 1958
100 1# - MAIN ENTRY--PERSONAL NAME
Personal name Sears, Francis Weston,
Dates associated with a name 1898-1975.
9 (RLIN) 25763
245 10 - TITLE STATEMENT
Title Optics /
Statement of responsibility, etc. Francis Weston Sears
250 ## - EDITION STATEMENT
Edition statement 3rd ed.
260 ## - PUBLICATION, DISTRIBUTION, ETC. (IMPRINT)
Place of publication, distribution, etc. Cambridge, Mass :
Name of publisher, distributor, etc. Addison-Wesley ,
Date of publication, distribution, etc. 1958 [Printed 1962,1964]
300 ## - PHYSICAL DESCRIPTION
Pagination x, 386 p. :
Illustrations ill. ;
Size 23 cm
490 0# - SERIES STATEMENT
Series statement Addison-Wesley principles of physics series
504 ## - BIBLIOGRAPHY, ETC. NOTE
Bibliography, etc Includes index.
650 #0 - SUBJECT ADDED ENTRY--TOPICAL TERM
Topical term or geographic name as entry element Optics
9 (RLIN) 24500
830 ## - SERIES ADDED ENTRY--UNIFORM TITLE
Uniform title Addison-Wesley principles of physics series
942 ## - ADDED ENTRY ELEMENTS (KOHA)
Source of classification or shelving scheme Dewey Decimal Classification
Koha item type Books
Holdings
Lost status Source of classification or shelving scheme Damaged status Not for loan Collection code Permanent Location Current Location Shelving location Date acquired Source of acquisition Total Checkouts Full call number Date last seen Copy number Koha item type Cost, normal purchase price
  Dewey Decimal Classification   Not For Loan Non-fiction Central Library, University of Rajshahi Central Library, University of Rajshahi Reading Room 09/01/1974 U.S. Govt.   535 SEO 1958 19/01/2014 C-1 Books  
  Dewey Decimal Classification     Non-fiction Central Library, University of Rajshahi Central Library, University of Rajshahi   29/09/1968 Zeitlinger   535 SEO 1958 19/01/2014 C-3 Books 49.00
  Dewey Decimal Classification     Non-fiction Central Library, University of Rajshahi Central Library, University of Rajshahi   15/12/1967 Book View, Dacca   535 SEO 1964 03/05/2017 C-2 Books 25.50
  Dewey Decimal Classification     Non-fiction Central Library, University of Rajshahi Central Library, University of Rajshahi   28/08/1973 Ideal Lib.   535 SEO 1964 08/05/2017 C-4 Books 44.55
  Dewey Decimal Classification     Non-fiction Central Library, University of Rajshahi Central Library, University of Rajshahi   29/04/1968 Zeitlinger   535 SEO 1962 08/05/2017 C-5 Books 49.00
  Dewey Decimal Classification     Non-fiction Central Library, University of Rajshahi Central Library, University of Rajshahi   28/08/1973 Ideal Lib.   535 SEO 1964 08/05/2017 C-6 Books 44.55
  Dewey Decimal Classification     Non-fiction Central Library, University of Rajshahi Central Library, University of Rajshahi   09/01/1974 U.S. Govt.   535 SEO 1958 08/05/2017 C-7 Books  
  Dewey Decimal Classification     Non-fiction Central Library, University of Rajshahi Central Library, University of Rajshahi   29/04/1968 Zeitlinger   535 SEO 1962 13/05/2017 C-8 Books 49.00
  Dewey Decimal Classification     Non-fiction Central Library, University of Rajshahi Central Library, University of Rajshahi   09/01/1974 U.S.Govt.   535 SEO 1958 25/05/2017 C-9 Books